00335nam a2200133Ia 4500008004100000020001500041041001200056082001600068100001300084245005700097260002500154300000800179650001400187221030s9999 xx 000 0 und d a0074636669 aEnglish a105.23bJer aN. Jerke 0aVisual Basic 6 : The Complete Referencecby N. Jerke bTMHaNew Delhic2006 a788 aComputers